Sports Quiz

Random Sports or WWE Quiz
Score 0/60 Timer 10:00
5 Plays Today
Wrestler % Correct
Hulk Hogan
95.2%
Kevin Nash
90.3%
Diesel
90.3%
Scott Hall
86%
The Rock
84.7%
Triple H
84.7%
Bret Hart
82.3%
Steve Austin
82%
Steve Austin
82%
John Cena
82%
Owen Hart
78.5%
The Undertaker
78.2%
The Giant
74.5%
The Big Show
74.5%
Shawn Michaels
74.5%
Ric Flair
71.2%
Kane
70.7%
Edge
70.3%
Rey Mysterio
70.1%
Chris Jericho
69.9%
Randy Orton
67.7%
Jim Neidhart
66.2%
Sting
66%
The British Bulldog
65%
Randy Savage
63%
Kurt Angle
60.8%
Chris Benoit
56%
Christian
55.1%
Alberto Del Rio
52.8%
Chavo Guerrero
52.5%
Wrestler % Correct
Jimmy Snuka
51.2%
The Ultimate Warrior
50.9%
Nicky
49.9%
Giant Gonzalez
49.6%
Kenny
48.7%
Jake Roberts
47.5%
Shelton Benjamin
46.1%
Yokozuna
45.5%
Kerry Von Erich
45.3%
The Sandman
45.1%
Lex Luger
44.1%
Brian Pillman
43.9%
Mikey
43.1%
Ted DiBiase
41.5%
King Kong Bundy
39.9%
Dean Malenko
37.8%
Shane Douglas
37.3%
Big Van Vader
36.5%
Kevin Von Erich
36.3%
Raven
35.1%
Ron Simmons
31.3%
Mike Von Erich
30.7%
Fritz Von Erich
30.4%
Johnny
30.2%
Terry Funk
30.2%
Billy Kidman
30%
Mitch
28.4%
Juventud Guerrera
27%
David Von Erich
24.2%
Mikey Whipwreck
19.9%
Remove Ads.
Support Sporcle.
Get the best of Sporcle when you Go Orange. This ad-free experience offers more features, more stats, and more fun while also helping to support Sporcle. Thank you for becoming a member.

You're not logged in!

Compare scores with friends on all Sporcle quizzes.
OR
Log In

Sporcle TV

Today on Sporcle TV


Watch our educational content, quiz creation guides, and fun videos on Sporcle TV.

Show Comments

Extras

Top Quizzes Today


Score Distribution

Paid Content

Your Account Isn't Verified!

In order to create a playlist on Sporcle, you need to verify the email address you used during registration. Go to your Sporcle Settings to finish the process.

Report this User

Report this user for behavior that violates our Community Guidelines.

Details: